000 00791nam a2200289Ia 4500
005 20260324111516.0
008 008 260324s9999 xx 000 0 eng d
020 _a9781003464983
037 _aEBOOK
040 _aCRL
040 _beng
040 _cCRL
041 _2eng
041 _aeng
084 _qCRL
100 _aFrancesca Romana Cavallo; Christofer Toumazou
_91138858
245 0 _aTechnologies for Personalised Healthcare
245 0 _bEnabling Patient-Centred Approaches in the Management and Prevention of Lifestyle-Related Conditions
260 _bTaylor and Francis
260 _c2025
365 _a
365 _b200
856 _uhttp://www.taylorfrancis.com/books/9781003464983
942 _cEBOOK
999 _c1727709
_d1727709